MARC

LEADER 00000nab a2200000 ar4500
001 vtls008962741
003 SK-MaSNL
005 20260303070731.0
008 070411c2007 xo wr|p|||||||000 b|slo
038 |a PPPK 
040 |a PPPKCL  |b slo  |c PPPK  |e AACR2 
041 0 |a slo 
044 |a xo  |c SK 
080 |a 027.53  |2 1997 
245 0 0 |a Pôsobenie knižníc v Prešovskom kraji  |c [autor] (vfk) 
500 |a Činnosť knižnice úpravy a modernizácia 
610 2 7 |a Podtatranská knižnica (Poprad, Slovensko)  |2 pppkcl  |9 32800 
611 2 7 |a Týždeň slovenských knižníc  |d (2007 : Slovensko)  |2 pppkcl  |9 100129 
650 0 7 |a regionálne knižnice  |2 pppkcl  |9 79412 
651 7 |a Poprad (Slovensko)  |2 pppkcl  |9 20155 
651 7 |a Prešovský samosprávny kraj (Slovensko)  |2 pppkcl  |9 23301 
773 0 |t Poprad : noviny občanov mesta  |g Roč. XVIII, č. 26-27 (2007), s. 2 
852 |a PPPK  |b KIS3GCP 
999 |c 1756699  |d 1758629